000
00287nam a22001097a 4500
082
_a
621.31042 OKE'I
100
_a
SIMMONS, S,O' KELLY, D
_9
78885
245
_a
ITRODUCTION TO GENERALIZED ELECTRICAL MACHINES THEORY
260
_a
ISLAMABAD
_b
NATIONAL
_c
1957
300
_a
209P
942
_c
BK
999
_c
583949
_d
583949